La ragazza del Sunset strip /

Uloženo v:
Podrobná bibliografie
Hlavní autor: Hansen, Joseph (Autor)
Další autoři: Vesentini Ottolenghi, Maria Luisa
Médium: Kniha
Jazyk:italština
Vydáno: Castel Gandolfo : LIT, [2012?]
Edice:Raggi gialli
Tagy: Přidat tag
Žádné tagy, Buďte první, kdo vytvoří štítek k tomuto záznamu!

MARC

LEADER 00000nam a22000007i 4500
001 IT\ICCU\CFI\0957043
003 ItRI
005 20260306155845.0
008 170817s2012 it |||||| ||||| |||||c
020 |a 9788865831540 
040 |b ita  |c NP 
041 7 |a ita  |2 ISO-639-2 
100 1 |a Hansen, Joseph  |0 IT\ICCU\LO1V\047017  |4 aut 
240 1 0 |a Skinflick  |9 Hansen, Joseph 
245 1 3 |a La ragazza del Sunset strip /  |c Joseph Hansen ; traduzione di Maria Luisa Vesentini Ottolenghi. 
260 |a Castel Gandolfo :  |b LIT,  |c [2012?] 
300 |a 248 p. ;  |c 21 cm 
700 1 |a Vesentini Ottolenghi, Maria Luisa  |0 IT\ICCU\RAVV\059149 
830 0 |a Raggi gialli  |0 IT\ICCU\PAR\1199707 
942 |2 ddc  |c BK 
952 |0 0  |1 0  |2 ddc  |4 0  |6 813_540000000000000_HAN_RAG  |7 0  |9 33223  |a RO  |b RO  |d 2026-03-06  |l 0  |o 813.54 HAN RAG  |p 11751  |r 2026-03-06 15:59:54  |w 2026-03-06  |y BK 
981 1 |6 z01  |a i   |b xxxe  
982 1 |6 z01  |a n 
999 |c 28847  |d 28847